[Event "Teplice op 10th"]
[Site "Teplice"]
[Date "2015.06.17"]
[Round "5"]
[White "Ostapchik, Anton"]
[Black "Klucznik, Andre"]
[Result "1-0"]
[WhiteElo "2028"]
[BlackElo "1815"]
[PlyCount "89"]
[EventDate "2015.06.13"]
[EventType "swiss"]
[EventRounds "9"]
[EventCountry "CZE"]
[SourceTitle "EXT 2017"]
[Source "ChessBase"]
[SourceDate "2016.10.25"]
[SourceVersion "1"]
[SourceVersionDate "2016.10.25"]
[SourceQuality "1"]

1. c4 Nf6 2. Nc3 g6 3. g3 Bg7 4. Bg2 d6 5. d3 0-0 6. e3 c6 7. Nge2 Qa5 8. 0-0 Qh5 9. Nf4 Qxd1 10. Rxd1 e5 11. Nfe2 Be6 12. Rb1 d5 13. cxd5 cxd5 14. d4 e4 15. b3 Nc6 16. Ba3 Rfd8 17. Rdc1 Bf8 18. Bxf8 Kxf8 19. Nf4 Bc8 20. h4 h6 21. a3 g5 22. hxg5 hxg5 23. Nh3 Bxh3 24. Bxh3 g4 25. Bf1 Nh7 26. Be2 f5 27. Na4 Rd6 28. Nc5 b6 29. Nd7+ Ke8 30. Ne5 Nxe5 31. dxe5 Re6 32. Rc7 Ng5 33. Rg7 Nh3+ 34. Kg2 Kf8 35. Rh7 Kg8 36. Rh5 Rxe5 37. Bxg4 fxg4 38. Rxe5 Rb8 39. Rf1 Rd8 40. Rf5 d4 41. exd4 Rxd4 42. Rc1 Rd2 43. Re1 Rd4 44. Re2 Rd3 45. Rxe4 1-0

[Event "EU-ch U16 24th"]
[Site "Batumi"]
[Date "2014.10.26"]
[Round "7"]
[White "Ostapchik, Anton"]
[Black "Radovic, Janko"]
[Result "0-1"]
[WhiteElo "2084"]
[BlackElo "2193"]
[PlyCount "59"]
[EventDate "2014.10.19"]
[EventType "swiss"]
[EventRounds "9"]
[EventCountry "GEO"]
[SourceTitle "EXT 2015"]
[Source "ChessBase"]
[SourceDate "2014.11.20"]
[SourceVersion "1"]
[SourceVersionDate "2014.11.20"]
[SourceQuality "1"]

1. e4 c5 2. d4 cxd4 3. c3 dxc3 4. Nxc3 Nc6 5. Nf3 Nf6 6. e5 Ng4 7. Bf4 d6 8. exd6 e5 9. Nb5 exf4 10. Nc7+ Kd7 11. Nxa8 Bxd6 12. Be2 Ke7 13. 0-0 Be6 14. Nd4 Nxd4 15. Bxg4 Bxg4 16. Qxd4 Qxa8 17. Rfe1+ Be6 18. Rxe6+ Kxe6 19. Re1+ Kd7 20. Rd1 Qf8 21. Qxa7 Qc8 22. Qd4 Qc6 23. Qxg7 Re8 24. Qxf7+ Re7 25. Qf6 Qc5 26. Qh6 Qb4 27. Qh3+ Kc7 28. Kf1 Qc4+ 29. Qd3 Qxd3+ 30. Rxd3 0-1

[Event "EU-ch U16 24th"]
[Site "Batumi"]
[Date "2014.10.19"]
[Round "1"]
[White "Ostapchik, Anton"]
[Black "Vavulin, Maksim"]
[Result "0-1"]
[WhiteElo "2084"]
[BlackElo "2431"]
[PlyCount "66"]
[EventDate "2014.10.19"]
[EventType "swiss"]
[EventRounds "9"]
[EventCountry "GEO"]
[SourceTitle "EXT 2015"]
[Source "ChessBase"]
[SourceDate "2014.11.20"]
[SourceVersion "1"]
[SourceVersionDate "2014.11.20"]
[SourceQuality "1"]

1. e4 e5 2. Nf3 Nc6 3. Bc4 Nf6 4. d3 Bc5 5. c3 a6 6. Nbd2 Ba7 7. Bb3 0-0 8. 0-0 d6 9. Re1 h6 10. Bc2 Be6 11. Nf1 Re8 12. Ng3 d5 13. Qe2 Qd7 14. h3 Rad8 15. Be3 d4 16. Bd2 b5 17. a4 Bb6 18. Kh2 Qe7 19. Ng1 Qc5 20. Rf1 dxc3 21. bxc3 b4 22. Qe1 b3 23. Be3 Qa5 24. Bd1 Rxd3 25. Be2 Rd6 26. Bxb6 Qxb6 27. c4 Rb8 28. Qc3 Qd4 29. Qxd4 Nxd4 30. f4 exf4 31. Rxf4 Nd7 32. e5 Nxe5 33. c5 Rdd8 0-1

[Event "EU-ch U16 23rd"]
[Site "Budva"]
[Date "2013.10.03"]
[Round "5"]
[White "Taylor, Adam C"]
[Black "Ostapchik, Anton"]
[Result "0-1"]
[WhiteElo "2034"]
[BlackElo "1900"]
[PlyCount "134"]
[EventDate "2013.09.29"]
[EventType "swiss"]
[EventRounds "9"]
[EventCountry "MNE"]
[SourceTitle "CBM 156 Extra"]
[Source "ChessBase"]
[SourceDate "2013.10.22"]
[SourceVersion "1"]
[SourceVersionDate "2013.10.22"]
[SourceQuality "1"]

1. c4 f5 2. g3 Nf6 3. Bg2 g6 4. b3 Bg7 5. Bb2 d6 6. Nf3 e5 7. 0-0 0-0 8. d4 e4 9. Ne1 Qe8 10. f4 exf3 11. Bxf3 Nc6 12. Nc2 g5 13. e3 h5 14. Nc3 f4 15. Nd5 Nxd5 16. Bxd5+ Kh8 17. exf4 gxf4 18. Qe1 Bf5 19. Bxc6 bxc6 20. Nb4 fxg3 21. Qxg3 Rf6 22. Rae1 Qf7 23. Qh4 Rg6+ 24. Kh1 Rg4 25. Qf2 Rf8 26. h3 Be4+ 27. Rxe4 Qxf2 28. Rxf2 Rxe4 29. Rxf8+ Bxf8 30. d5+ Kh7 31. Bf6 cxd5 32. Nxd5 c6 33. Nb4 c5 34. Nd3 Re3 35. Nf4 Bg7 36. Bxg7 Kxg7 37. Nxh5+ Kg6 38. Nf4+ Kf5 39. Nd5 Rxh3+ 40. Kg2 Rd3 41. Kf2 Rd2+ 42. Ke3 Rxa2 43. Kd3 Ra1 44. Nc3 Ke5 45. Nb5 d5 46. cxd5 Kxd5 47. Nc3+ Kc6 48. Kc4 a5 49. Ne2 Re1 50. Nc3 Rh1 51. Ne2 Rh4+ 52. Kc3 Kb5 53. Nc1 Rh3+ 54. Kb2 a4 55. bxa4+ Kxa4 56. Kc2 Kb4 57. Na2+ Kc4 58. Nc1 Rc3+ 59. Kd2 Rxc1 60. Kxc1 Kc3 61. Kb1 Kd2 62. Ka2 c4 63. Kb2 c3+ 64. Kb1 c2+ 65. Ka2 c1Q 66. Kb3 Qc3+ 67. Ka2 Qb4 0-1

[Event "EU-ch U16 23rd"]
[Site "Budva"]
[Date "2013.09.29"]
[Round "1"]
[White "Rydstrom, Tom"]
[Black "Ostapchik, Anton"]
[Result "1/2-1/2"]
[WhiteElo "2184"]
[BlackElo "1900"]
[PlyCount "95"]
[EventDate "2013.09.29"]
[EventType "swiss"]
[EventRounds "9"]
[EventCountry "MNE"]
[SourceTitle "CBM 156 Extra"]
[Source "ChessBase"]
[SourceDate "2013.10.22"]
[SourceVersion "1"]
[SourceVersionDate "2013.10.22"]
[SourceQuality "1"]

1. d4 Nf6 2. c4 c5 3. Nf3 g6 4. Nc3 cxd4 5. Nxd4 Bg7 6. e4 d6 7. Be2 0-0 8. 0-0 Nc6 9. Be3 Bd7 10. f4 Qb6 11. Nc2 Qd8 12. Bf3 Na5 13. b3 Nc6 14. Rc1 Ng4 15. Bxg4 Bxc3 16. Bf3 Bg7 17. Qe1 Qa5 18. Qxa5 Nxa5 19. Nb4 Nc6 20. Nd5 Rfc8 21. Rfd1 Be6 22. Rd2 f5 23. exf5 Bxf5 24. g4 Be6 25. Kf2 Bf7 26. Rcd1 Kf8 27. g5 Be6 28. Re2 Bf5 29. b4 e6 30. Nf6 Bxf6 31. gxf6 Rd8 32. Rxd6 Rxd6 33. Bc5 Kf7 34. Bxd6 Nd4 35. Re3 Nxf3 36. Rxf3 Kxf6 37. Re3 Rc8 38. c5 a6 39. Kf3 Bc2 40. Rc3 Ba4 41. Ke3 Bb5 42. Kd4 Bc6 43. Rc1 Ba4 44. Rc3 Bc6 45. Ra3 Rg8 46. Rg3 Rd8 47. Kc3 Ba4 48. Kd4 1/2-1/2

[Event "Minsk op"]
[Site "Minsk"]
[Date "2013.07.13"]
[Round "1"]
[White "Minasian, Artashes"]
[Black "Ostapchik, Anton"]
[Result "1-0"]
[WhiteElo "2493"]
[BlackElo "1869"]
[PlyCount "28"]
[EventDate "2013.07.13"]
[EventType "swiss"]
[EventRounds "9"]
[EventCountry "BLR"]
[SourceTitle "CBM 155 Extra"]
[Source "ChessBase"]
[SourceDate "2013.08.26"]
[SourceVersion "1"]
[SourceVersionDate "2013.08.26"]
[SourceQuality "1"]

1. e4 e5 2. Bc4 Nc6 3. Nf3 Nf6 4. d3 Bc5 5. c3 d6 6. Nbd2 a6 7. Bb3 Ba7 8. h3 h6 9. Nf1 Ne7 10. Ng3 Ng6 11. d4 Qe7 12. 0-0 0-0 13. Re1 Nf4 14. Nf5 Bxf5 1-0